000 00651nam a2200193Ia 4500
003 GCL
008 140319s9999 xx 000 0 ara d
040 _aGCL /
_cGCL
082 0 4 _a953.09
_bا ب
100 1 _aابوخلدون ساطع الحصرى
245 1 0 _aالبلاد العربية والدولة العثمانية: محاضرات /
_cابوخلدون ساطع الحصرى
300 _a173 ص
490 _aالهيئة العامة للاستعلامات
_v0
650 0 4 _aالتاريخ الاسلامى
650 0 4 _aالتاريخ
650 0 4 _aالجزيرة العربية
650 0 4 _aالعثمانيون
942 _2ddc
_cBK
999 _c49798
_d49798